Hospodářská komora České republiky

Hospodárska komora Českej republiky - zloženie komory, členská základňa komory. Činnosti, ktoré vykonáva komora v rámci svojej pôsobnosti. Služby, ktoré poskytuje komora svojim členom i ďalším záujemcom. Adresár okresných hospodárskych komôr, ktoré poskytujú komplexné služby v oblasti zahraničného o...

Celý popis

Uložené v:
Podrobná bibliografia
Médium: Kapitola
Jazyk:Czech
Predmet:
Tagy: Pridať tag
Žiadne tagy, Buďte prvý, kto otaguje tento záznam!

MARC

LEADER 00000naa a2200000 4500
001 r024035
005 20221213082802.8
041 0 |a cze 
044 |a CZ 
245 1 0 |a Hospodářská komora České republiky 
520 |a Hospodárska komora Českej republiky - zloženie komory, členská základňa komory. Činnosti, ktoré vykonáva komora v rámci svojej pôsobnosti. Služby, ktoré poskytuje komora svojim členom i ďalším záujemcom. Adresár okresných hospodárskych komôr, ktoré poskytujú komplexné služby v oblasti zahraničného obchodu. Čiastkové služby vývozcom a dovozcom. 
610 2 0 |a komory hospodárske 
610 2 0 |a Hospodářská komora ČR Praha 
610 2 0 |a obchod zahraničný 
610 2 0 |a služby